| 000 | 00623nam a22002177a 4500 | ||
|---|---|---|---|
| 005 | 20170124105941.0 | ||
| 010 | _a159341 | ||
| 020 | _c00.00 | ||
| 035 | _a159341 | ||
| 037 | _bCen Lib/Ret | ||
| 040 |
_aDPL _bEN |
||
| 082 |
_a230 _2RAM |
||
| 100 |
_aRamaswami Aiyer C.P. _911167 |
||
| 245 |
_aFundamentals of hindu faith and culture : _cby C.P. Ramaswami Aiyar _bcollection of essays ans addresses / |
||
| 260 |
_aMadras _bGanesh & co. _c1959 |
||
| 270 | _bMadras | ||
| 300 |
_a160p. _c22cm(Hb) |
||
| 650 |
_aHinduism _y _911168 |
||
| 650 |
_aHindu culture _911169 |
||
| 942 |
_2ddc _cEN _h230 _mRAM |
||
| 999 |
_c124561 _d124561 |
||